| 000 | 00564nam a22002057a 4500 | ||
|---|---|---|---|
| 001 | 00028678 | ||
| 005 | 20260330115643.0 | ||
| 008 | 260330b ag ||||| |||| 00| 0 spa d | ||
| 020 | _a9507312315 | ||
| 040 |
_aAR-CcCEOS _bspa _cAR-CcCEOS |
||
| 041 | _aspa | ||
| 080 | _a860-3(899) | ||
| 090 | _bBENb | ||
| 100 | 1 |
_aBenedetti, Mario, _d1920-2009 _9601 |
|
| 245 |
_aBuzón del tiempo / _cMario Benedetti |
||
| 264 |
_aBuenos Aires : _bSeix Barral, _cc1999. |
||
| 300 |
_a218 p. ; _c24x15 cm. |
||
| 655 | 0 |
_aliteratura uruguaya _920 _vnovela |
|
| 942 |
_2udc _cBK _n0 |
||
| 999 |
_c28711 _d28711 |
||